What's so good about biodiversity? : a call for better reasoning about nature's value
Αποθηκεύτηκε σε:
| Κύριος συγγραφέας: | |
|---|---|
| Μορφή: | Βιβλίο |
| Γλώσσα: | English |
| Δημοσίευση: |
Dordrecht :
Springer,
c2012
|
| Σειρά: | The International library of environmental, agricultural and food ethics ;
; 19 |
| Θέματα: | |
| Ετικέτες: |
Προσθήκη ετικέτας
Δεν υπάρχουν, Καταχωρήστε ετικέτα πρώτοι!
|
MARC
| LEADER | 00000nam a2200000 i 4500 | ||
|---|---|---|---|
| 001 | 1/45217 | ||
| 008 | 140402s2012 eng d | ||
| 020 | |a 978-94-007-3990-1 ((hbk)) | ||
| 020 | |a 978-94-007-3991-8 ((eBook)) | ||
| 035 | |l 10117265 | ||
| 040 | |a GR-MY-UA |b gre |e aacr | ||
| 041 | 0 | |a eng | |
| 082 | 0 | |a 333.9516 |2 (23) | |
| 100 | 1 | |a Maier, Donald S. | |
| 245 | 1 | 0 | |a What's so good about biodiversity? : |b a call for better reasoning about nature's value / |c Donald S. Maier |
| 260 | |a Dordrecht : |b Springer, |c c2012 | ||
| 300 | |a vii, 568 σ.; |c 24 εκ. | ||
| 490 | 1 | |a The International Library of Environmental, Agricultural and Food Ethics |v ; 19 | |
| 504 | |a Βιβλιογραφία: σ. 531-546. Ευρετήριο | ||
| 650 | 0 | 0 | |a Biodiversity |x Research. |
| 650 | 0 | 0 | |a Biodiversity conservation |x Planning. |
| 830 | 0 | |a The International library of environmental, agricultural and food ethics ; |v ; 19 | |
| 852 | |a INST |b LEMNOS |e 20140402 |h 333.9516 MAI |p 005600000990 |q 005600000990 |t BK |y 0 | ||
| 901 | |a BIBL6-2014-1 | ||
| 909 | |a Μ |b 179512 | ||
| 922 | |a 6ΕΛΗ |b 201306 |c ΤΑΚ/ΤΕΤΔ |d ΔΙΑΔΡΟΜΕΣ | ||
| 970 | |a ΜΟΣΧΟΒΗ |b ΕΥΑΓΓΕΛΙΑ |z 2014/04/02 | ||